The practice of leadership: (Record no. 40049)

MARC details
000 -LEADER
fixed length control field 00990 2200181 4500
008 - FIXED-LENGTH DATA ELEMENTS--GENERAL INFORMATION
fixed length control field 120119t xxu||||| |||| 00| 0 eng d
020 ## - INTERNATIONAL STANDARD BOOK NUMBER
International Standard Book Number 0787983055
050 ## - LIBRARY OF CONGRESS CALL NUMBER
Classification number HD57.7
Item number .P73 2007
245 ## - TITLE STATEMENT
Title The practice of leadership:
Remainder of title developing the next generation of leaders/
Statement of responsibility, etc edited by Jay A. Conger and Ronald E. Riggio
260 ## - PUBLICATION, DISTRIBUTION, ETC. (IMPRINT)
Name of publisher, distributor, etc Jossey-Bass
Date of publication, distribution, etc 2007
Place of publication, distribution, etc San Francisco
-- California
300 ## - PHYSICAL DESCRIPTION
Extent xvii, 402p.
500 ## - GENERAL NOTE
General note Includes bibliographic references and index
650 ## - SUBJECT ADDED ENTRY--TOPICAL TERM
Source of heading or term Leadership
942 ## - ADDED ENTRY ELEMENTS (KOHA)
Item type Book
Source of classification or shelving scheme Library of Congress Classification
Holdings
Withdrawn status Lost status Source of classification or shelving scheme Damaged status Not for loan Collection code Home library Current library Shelving location Date acquired Source of acquisition Total Checkouts Full call number Barcode Date last borrowed Copy number Price effective from Koha item type Total Renewals Date last seen
    Library of Congress Classification     Non-fiction Bishop Okullu Memorial Library (Limuru Campus) Bishop Okullu Memorial Library (Limuru Campus) General Circulation 19/01/2012 Purchase 11 HD57.7 .P73 2007 030114 19/01/2021 1 19/01/2012 Book    
    Library of Congress Classification     Non-fiction Nairobi Campus Nairobi Campus General Circulation 19/01/2012 Purchase 24 HD57.7 .P73 2007 030115 28/01/2020 2 19/01/2012 Book 2  
    Library of Congress Classification     Non-fiction Nakuru Campus Nakuru Campus General Circulation 19/01/2012 Purchase 10 HD57.7 .P73 2007 030116 08/11/2024 3 19/01/2012 Book 3 12/11/2024